000 00939nam a2200325 i 4500
999 _c46299
_d46299
001 768714001
003 CO-MdFUSB
005 20201022115706.0
007 ta
008 200309t1957 enk||||| |||| 00| 0 eng d
020 _a[No incluye ISBN]
040 _bspa.
_aCO-MdFUSB
_cCO-MdFUSB
_dCO-MdFUSBC
_erda
041 _aeng
082 _224
_a227.107
_bB273
100 1 _aBarrett, C. K.
_eautor
245 _aA commentary on the epistle to the Romans
_c/ C. K. Barrett
264 1 _aLondon :
_bAdam & Charles Black,
_c[1957]
264 4 _c© 1957
300 _aviii, 294 páginas
_c: 22 cm
336 _atexto
_btxt
_2rdacontent
337 _2rdamedia
_asin mediación
_bn
338 _2rdacarrier
_avolumen
_bnc
504 _aIncluye índices (páginas 289-294)
563 _aPasta dura
630 0 7 _aBiblia.
_pRomanos
650 0 _91842
_aComentarios Bíblicos
942 _cBK
945 _aJTF-925